| 000 | 00787nam a22002177a 4500 | ||
|---|---|---|---|
| 999 |
_c3826 _d3826 |
||
| 003 | AR-CdUCM | ||
| 008 | 190307b ||||| |||| 00| 0 spa d | ||
| 040 |
_aMUNICIPALIDAD PROVINCIAL DEL CUSCO _cBIBLIOTECA MUNICIPAL DEL CUSCO |
||
| 082 |
_a869.56 / _bM12 |
||
| 100 |
_aMacedo Arguedas, Alfredo _912315 |
||
| 245 | _aTeatro infantil / | ||
| 260 |
_aArequipa : _bEditorial El Deber, _c1955. |
||
| 300 |
_a133 páginas ; _c20 cm. |
||
| 500 |
_aDonación de la familia de Luis Nieto _zDedicatoria |
||
| 505 | _aContenido: América, labaro de Unión! -- El mayor de los amores -- Suelo Mater -- Homenaje al Indio -- Lucacho, el niño de bronce... | ||
| 650 |
_aTeatro peruano _92697 |
||
| 650 |
_aTeatro infantil _912316 |
||
| 650 |
_aSiglo XX _98 |
||
| 942 |
_2ddc _cLIBROS |
||
| 945 | _adavv | ||